Advanced digital signal processing and noise reduction (Record no. 8241)
[ view plain ]
| 000 -LEADER | |
|---|---|
| fixed length control field | 00754 a2200205 4500 |
| 020 ## - INTERNATIONAL STANDARD BOOK NUMBER | |
| International Standard Book Number | 047009494X |
| 040 ## - CATALOGING SOURCE | |
| Original cataloging agency | DLC |
| Language of cataloging | DLC |
| 082 00 - DEWEY DECIMAL CLASSIFICATION NUMBER | |
| Classification number | 621.3822 |
| 100 1# - MAIN ENTRY--PERSONAL NAME | |
| Personal name | Vaseghi, Saeed V. |
| 245 10 - TITLE STATEMENT | |
| Title | Advanced digital signal processing and noise reduction |
| Statement of responsibility, etc. | Saeed V. Vaseghi |
| 250 ## - EDITION STATEMENT | |
| Edition statement | 3rd ed. |
| 260 ## - PUBLICATION, DISTRIBUTION, ETC. | |
| Place of publication, distribution, etc. | Chichester, West Sussex, England ; |
| -- | Hoboken : |
| Name of publisher, distributor, etc. | Wiley, |
| Date of publication, distribution, etc. | c2006. |
| 300 ## - PHYSICAL DESCRIPTION | |
| Extent | xxvi, 453 p. : |
| Other physical details | ill. ; |
| Dimensions | 25 cm. |
| 650 #0 - SUBJECT ADDED ENTRY--TOPICAL TERM | |
| Topical term or geographic name entry element | Signal processing. |
| 650 #0 - SUBJECT ADDED ENTRY--TOPICAL TERM | |
| Topical term or geographic name entry element | Electronic noise. |
| 650 #0 - SUBJECT ADDED ENTRY--TOPICAL TERM | |
| Topical term or geographic name entry element | Digital filters (Mathematics) |
| 856 41 - ELECTRONIC LOCATION AND ACCESS | |
| Materials specified | Table of contents only |
| Uniform Resource Identifier | <a href="http://www.loc.gov/catdir/toc/ecip0515/2005018514.html">http://www.loc.gov/catdir/toc/ecip0515/2005018514.html</a> |
| 856 41 - ELECTRONIC LOCATION AND ACCESS | |
| Materials specified | Publisher description |
| Uniform Resource Identifier | <a href="http://www.loc.gov/catdir/enhancements/fy0622/2005018514-d.html">http://www.loc.gov/catdir/enhancements/fy0622/2005018514-d.html</a> |
| 942 ## - ADDED ENTRY ELEMENTS (KOHA) | |
| Koha item type | Book |
| Call number prefix | 621.3822 VAS |
| Source of classification or shelving scheme | |
| Withdrawn status | Lost status | Damaged status | Not for loan | Collection code | Permanent Location | Current Location | Shelving location | Date acquired | Source of acquisition | Cost, normal purchase price | Total Checkouts | Full call number | Barcode | Date last seen | Date last checked out | Price effective from | Koha item type |
|---|---|---|---|---|---|---|---|---|---|---|---|---|---|---|---|---|---|
| Central Library (CL) | Central Library (CL) | General Stacks | 05/02/2007 | New Public Book | 13369.86 | 1 | 621.3822 VAS | SEECS008440 | 02/24/2016 | 01/21/2014 | 01/05/2017 | Book | |||||
| Central Library (CL) | Central Library (CL) | General Stacks | 02/16/2006 | A & J Def Tek Concultants | 7820.19 | 621.3822 VAS | SEECS006956 | 11/14/2012 | 01/05/2017 | Book |
